Loading...

OCP: Oracle 10g administration II: study guide

Bibliographic Details
Main Author: Stuns, Doug
Other Authors: Buterbaugh, Tim, Bryla, Bob
Format: Printed Book
Published: New Delhi BPB Publications 2005
Subjects:
LEADER 00564cam a2200181ua 4500
020 |a 81-8333-035-5 
082 |a 005.7585  |b STU/O 
100 |a Stuns, Doug 
245 1 0 |a OCP: Oracle 10g administration II: study guide  
260 |a New Delhi  |b BPB Publications  |c 2005 
300 |a 700p. 
650 |a Computer science 
650 0 |a Database management systems 
700 |a Buterbaugh, Tim 
700 0 2 |a Bryla, Bob 
942 |c BK 
999 |c 19102  |d 19102 
952 |0 0  |1 0  |4 0  |6 005_758500000000000_STUO  |7 0  |9 19947  |a KUCL  |b KUCL  |d 2014-05-23  |l 0  |o 005.7585 STU/O  |p 20075  |r 2014-05-23  |y BK